03177nam a2200373 i 450000100190000000500170001900600190003600700150005500800410007002000180011103500260012903500230015503500240017803500220020203500280022403500210025203500300027304000410030304100080034405000240035224500530037624600730042926000560050230000240055849000240058250000200060652019530062658800470257965000290262665000290265594200080268495200960269299900150278899110720056930619620250625125937.0m o d | cr#cnu||||||||201117s2021 mau o 001 0 eng d a9781633699885 a(CKB)4100000011502277 a(MiAaPQ)EBC6020875 a(Au-PeEL)EBL6020875 a(OCoLC)1202467538 a(CaSebORM)9781633699892 a(Perlego)1351476 a(EXLCZ)994100000011502277 aMiAaPQbengerdaepncMiAaPQdMiAaPQ aeng 4aHD30.28b.H377 202100aHBR's 10 must reads on platforms and ecosystems. aHarvard Busines Review's ten must reads on platforms and ecosystems  aBoston, MA :bHarvard Business Review Press,c2021. a180 pages ;c21 cm. aHBR's 10 Must Reads aIncludes index.8 aCompetition is moving beyond industry to ecosystem. Are you ready? In the shift from pipeline to platform, value is no longer created by your company's product or process alone--it's created through interactions. And the strategy you used to become an industry leader won't help you compete in an evolving and complex ecosystem. If you read nothing else on platforms and ecosystems, read these 10 articles by experts in the field. We've combed through hundreds of articles in the Harvard Business Review archive and selected the most important ones to help you address classic challenges such as navigating the shift from controlling resources to orchestrating them, redefining value, thwarting competitive threats, and adapting your strategy. This book will inspire you to: * Manage network effects and inspire users to attract more users * Understand the myriad dynamics at play in a platform business * Decide whether to be a chief architect or a complementor in your ecosystem * Consider which of your company's existing products and services can be turned into platforms * Shift from managing products to managing interactions * Collaborate with other firms in an ecosystem that spans sectors * Learn to allocate--and reallocate--resources as conditions change HBR's 10 Must Reads paperback series is the definitive collection of books for new and experienced leaders alike. Leaders looking for the inspiration that big ideas provide, both to accelerate their own growth and that of their companies, should look no further. HBR's 10 Must Reads series focuses on the core topics that every ambitious manager needs to know: leadership, strategy, change, managing people, and managing yourself. Harvard Business Review has sorted through hundreds of articles and selected only the most essential reading on each topic. Each title includes timeless advice that will be relevant regardless of an ever?changing business environment.  aDescription based on print version record. 0aStrategic planning93573 0aInternet marketing91133 2lcc 00102lcc4070aTBSbTBSd2025-06-25l0oHD30.28 HARpB07577r2025-06-25t1w2025-06-25y1 c4793d4793